000 00374nam a2200133Ia 4500
008 231221s9999 xx 000 0 und d
020 _a978-1-84996-396-1
041 _aEnglish
100 _aErnesto Estrada, Maria Fox, Desmond J. Higham, Gian-Luca Oppo
245 0 _aNetwork Science
260 _c2010
_bSpringer US
_aNew York
650 _aComputer Science
942 _cEB
999 _c219261
_d219261